000 00494nam a22001697a 4500
999 _c40579
_d40579
003 OSt
005 20231206093017.0
008 191011b ||||| |||| 00| 0 eng d
020 _a9788182678363
040 _coclc
082 _a894.8123
_bMAN/S
100 _aMangattu, Ajay P
_96719
245 _aSusannayude Granthappura /
_cAjay P Mangatt
260 _aKozhikode:
_bMathrubhumi Books,
_c2019.
300 _a254p
942 _2ddc
_cBK
_h894.8123
_iMAN/S
_k894.8123
_mMAN/S